| Tag |
First Indicator |
Second Indicator |
Subfields |
| LEADER |
00000cam a2200000 a 4500 |
| 001 |
in00001048721 |
| 005 |
20150929090808.0 |
| 008 |
910424s1991 enk b 001 0 eng c |
| 010 |
|
|
|a 91018609
|
| 015 |
|
|
|a GB91-18315
|
| 019 |
|
|
|a 23656804
|a 24712188
|
| 020 |
|
|
|a 0415046971 (HB)
|
| 035 |
|
|
|a (OCoLC)23732111
|
| 035 |
|
|
|9 AFL0196AM
|
| 040 |
|
|
|a DNLM/DLC
|c DLC
|d UKM
|d TXA
|d UtOrBLW
|
| 049 |
|
|
|a TXAM
|
| 050 |
0 |
0 |
|a R724
|b .P76 1991
|
| 060 |
|
0 |
|a W 50 P967
|
| 069 |
0 |
|
|a 9105489
|
| 082 |
0 |
0 |
|a 174/.2
|2 20
|
| 245 |
0 |
0 |
|a Protecting the vulnerable :
|b autonomy and consent in health care /
|c edited by Margaret Brazier and Mary Lobjoit.
|
| 264 |
|
1 |
|a London ;
|a New York :
|b Routledge,
|c 1991.
|
| 300 |
|
|
|a 183 pages ;
|c 23 cm.
|
| 336 |
|
|
|a text
|b txt
|2 rdacontent
|
| 337 |
|
|
|a unmediated
|b n
|2 rdamedia
|
| 338 |
|
|
|a volume
|b nc
|2 rdacarrier
|
| 490 |
1 |
|
|a Social ethics and policy series
|
| 504 |
|
|
|a Includes bibliographical references (pages 176-178) and index.
|
| 650 |
|
0 |
|a Medical ethics.
|
| 650 |
|
0 |
|a Informed consent (Medical law)
|
| 650 |
|
0 |
|a Physician and patient.
|
| 650 |
|
2 |
|a Ethics, Medical.
|
| 650 |
|
2 |
|a Informed Consent.
|
| 650 |
|
2 |
|a Patient Participation.
|
| 700 |
1 |
|
|a Brazier, Margaret.
|
| 700 |
1 |
|
|a Lobjoit, Mary,
|d 1933-
|
| 830 |
|
0 |
|a Social ethics and policy series.
|
| 999 |
|
|
|a MARS
|
| 999 |
f |
f |
|s cccb3d58-c748-3260-9990-cb326df762d5
|i 9ccb8a14-3843-3f8b-be7d-45cf1639cc49
|t 0
|
| 952 |
f |
f |
|p ric
|a Texas A&M University
|b Rellis Campus
|c Joint Library Facility
|d Remote Storage
|t 0
|e R724 .P76 1991
|h Library of Congress classification
|i unmediated -- volume
|m A14815640503
|
| 998 |
f |
f |
|a R724 .P76 1991
|t 0
|l Remote Storage
|